MDQL
is popping MORE tags! Check the
thread
!
Quizzes
Events
Quiz Creation
Community
Videos
Private Events
Remove Ads
Sign In
Join for FREE
Feedback
Dark Mode
Quiz Categories
Sports
Geography
Music
Movies
Television
Just For Fun
Miscellaneous
History
Literature
Language
Science
Gaming
Entertainment
Religion
Holiday
For Kids
Quiz Lab
Recent
Popular Today
Quiz Kudos Today
Editor Picks
Curator Picks
Quizzes by...
Day
Popularity
Type
Ratings
Length
Year
Community
Subscriptions
Recent Discussions
Orange Saloon
Badges
Playlists
Quests
Create
Leaderboards
Showdown
Live 5
Trivia Bingo
Activity
Puzzle Library
Sporcle Events
Private Events
Virtual Trivia
Globe League
Become a Host
Pub Owners
SporcleCon
Opinionation
Our Games
Videos
Blog
Mobile Apps
Partnerships
Remove Ads and Go Orange
Feedback
Miscellaneous
Crossword
General Knowledge
Baby Names
Logo
Food
Cars
Numbers
Grab Bag
University
College
Popular
Company
Slogans
Restaurants
Justice
Letter
Miscellaneous
Crossword
General Knowledge
Baby Names
Logo
Food
Cars
Numbers
Grab Bag
University
College
Popular
Company
Slogans
Restaurants
Justice
Letter
Random Quiz
Search Sporcle
×
Quiz Lab
Quiz Lab
Miscellaneous
Clickable
Type in answers that appear in a list
Type in answers that appear in a list
Classic
Best Score? Go Orange.
Macroeconomics FHS Stats
Can you name the Macroeconomics FHS?
By
Toby404
10m
48 Questions
21 Plays
21 Plays
21 Plays
Comments
Comments
Give Quiz Kudos
Give Quiz Kudos
-
- Ratings
hide this ad
Forced Order
Answers have to be entered in order
Answers have to be entered in order
Random Order
Randomize order of answers
Randomize order of answers
Replay
Link that replays current quiz
Next Quiz
Link to next quiz in quiz playlist
You Got
0%
They Got
Avg Score
65%
Avg Friend Score
Upgrade to see
Score Distribution
Jump to the score distribution portion of the page
Score
0/48
Timer
10:00
0
Plays Today
hint
% Correct
Developed Human Capital Model
Lucas
85.7%
Developed the refined R&D model
Jones
85.7%
Model of pricing where lambda firms can change prices each period and factor in the future
Calvo
85.7%
Random walk of consumption: changes should be unpredictable
Hall
85.7%
Secular stagnation could be a result of excess _
_
_
_
causing loans to be overly expensive
risk premia
85.7%
_
_
_
_
targeting: alternative to PP, avoids stagflation
Nominal GDP
85.7%
If _
_
_
_
holds then a real depreciation causes the trade balance to _
_
Marshall Lerner grow
85.7%
If it holds then fiscal policy is quite impotent
Ricardian Equivalence
85.7%
Developed AK model
Romer
81%
Developed the original R&D model
Romer
81%
Endogenous growth theory provides insights but is not strong enough to guide policy
Rogers
81%
Avoid inflation bias by appointing v inflation averse central bankers
Rogoff
81%
If CB has a _
_
_
loss function then it will automatically avoid inflation bias
Dynamic
81%
Consumption is about 60% as volatile as it should be
Deaton
81%
Develop model to explain stickiness of prices from small menu costs
BMR
81%
Potential problem of price path targeting
Stagflation
81%
Permanent fall in output due to loss of technology and skills
hysteresis
81%
Phenomenon where exchange rates are very volatile which is explained by optimal mon. pol.
Dornbusch overshooting
81%
Found evidence of beta convergence
Baumol
76.2%
Found that education investment and health were most strongly correlated with growth
Sala-i-Martin
76.2%
Said that absolute converge only happens if countries have same parameters (e.g. s,A,delta)
Mankiw
76.2%
There is little evidence for sigma convergence -
perhaps even the reverse is happening
Temple
76.2%
Whether or not growth is endogenous, policy can have big impacts
Temple
76.2%
Distortionary taxes are not necessary bad -
people should all work less because they only enjoy relative wealth
Layard
76.2%
hint
% Correct
Inflation bias can be avoided by having a private inflation target below public target
Svensson
76.2%
Hybrid Phillips curve 50% backwards looking 50% forwards
Roberts
76.2%
Consumption is excessively sensitive to anticipated changes. Credit constraints to blame
Johnson et al
76.2%
We have to assume (contentiously) that the CB's interest rate manages to filter through to the rate offered by
commercial banks
76.2%
Greece is _
_
th on the world ease of doing business list, behind Yemen
100
75%
Endogenous growth models are near impossible to empirically test because they make assumptions about how unmeasurable things affect other unmeasurable things
Krugman
73.3%
Suggest that INVESTMENT correlates strongly with growth
De-Long and Summers
71.4%
Technology is not free to use. Could explain low absorptive capacity.
Lall
71.4%
Suggest that POLITICAL factors such as property rights have a partial correlation with growth
Knack and Keefer
66.7%
Deficit bias not in every country -
e.g. in Scandinavia expensive promises are discounted
Song et al
66.7%
Period of reduced volatility in business cycles coinciding with greater CB independence
Great moderation
66.7%
Greece was able to borrow at low rates right up until it couldn't borrow at all
Cochrane
62.5%
Growth (which will help e.g. Greece escape from its debt) requires structural reform
Cochrane
62.5%
Suggest that TRADE OPENNESS is an important growth factor
Sachs and Warner
57.1%
Force the MR curve in to the right position by punishing inflation deviations e.g. fining Cbankers
Walsh
57.1%
Tendency for budget deficits to rise in recessions but not fall in booms.
deficit bias
57.1%
Claimed that low absorptive capacity and poor access to capital markets held back poorer countries
Abramovitz
52.4%
If ECB had dealt with debt better pre-
crisis then austerity may not have been necessary
De Grauwe and Ji
52.4%
QE was very effective and was equivalent to lowering interest rates by a further 1.5-
3%
Joyce et al
47.6%
Unrealistic to predict inflation bias from a CB that is aware of the phenomenon
Howitt
47.6%
Observed a negative relationship between central bank independence and inflation
Alesina and Summers
47.6%
Suggest that relative EQUALITY and public EDUCATION may drive growth
Sokoloff and Engerman
42.9%
fiscal consolidation must be gradual because sharp shocks have sever effect on short term growth
Cottarelli and Jaramillo
38.1%
About a quarter of fiscal consolidations were found to be expansionary
Alesina and Ardagna
14.3%
Quiz Playlist
Details
Report
Send in Message
Add To Playlist
Classic:
Type in answers that appear in a list
Forced Order:
Answers have to be entered in order
Random Order:
Randomize order of answers
Last Updated: Feb 16, 2017
Quiz Scoreboard
CHALLENGE
Sign Up to Join the Scoreboard
Show All
Scores
Hide
Comments
May contain spoilers
Recently Published
Colored Red Africa Blitz
by spor1
Geography
30s
Find the 'City' Movie
by crazypaving
Movies
60s
5x2 Blitz: Bands
by SL_Kpop136
Music
30s
More to Explore
Quiz From the Vault
Featured Blog Post
14 Easter Pick-up Lines to Find Eggs With
hide this ad
You Might Also Like...
Tags
Clickable Quiz
Growth
macroeconomic
Today's Top Quizzes in Miscellaneous
Browse Miscellaneous
hide this ad
Today's Top Quizzes in Clickable
Browse Clickable
Top Contributed Quizzes in Miscellaneous
1
The JOE quick-fire general knowledge quiz: Day 174
2
5-to-1: Fast Food
3
9x9 Crossword: Disney Movie Titles
4
9x9 Crossword: Charlie and the Chocolate Factory
5
The JOE quick-fire general knowledge quiz: Day 173
6
9x9 Crossword: 2022 Movies
7
9x9 Crossword: Actors
8
9x9 Crossword: The Simpsons
9
9x9 Crossword: Pixar Movie Titles
10
9x9 Crossword: Flags
Explore More
Trending Topics
Marvel
Harry Potter
Kpop
NBA
Anime
Disney
Crossword
Pokémon
Soccer
Song
WWE
The Office
Puzzle
NFL
Country
hide this ad
More By:
Toby404
Quiz
Plays
Rating
Category
Featured
Created
FIFA 12's Fastest Players
40,970
3.41
Gaming
Oct 19, 2011
PL 11-12 players who scored 8+ goals
14,813
3.56
Sports
Jul 17, 2012
Black Ops Killstreak Rewards
14,237
2.89
Gaming
Oct 12, 2010
Premier League Stadia 2012-13 [Clickable Minefield]
3,909
4.40
Sports
Jul 19, 2012
Top 20 Internet Usage by %of Population
2,783
4.32
Geography
Jul 21, 2010
Go to Creator's Profile
Score Distribution
Quiz Creator Spotlight
Toby404
Follow
Send a Message
Quizzes Created
-
Created Quiz Play Count
-
More By This Creator
Popular Quizzes Today
1
Colored Red Africa Blitz
2
Find the US States - No Outlines Minefield
3
Find the 'City' Movie
4
5x2 Blitz: Bands
5
The Countries of the World
6
Find the US States
7
Find the Countries of Europe - No Outlines Minefield
8
US States
More Miscellaneous Quizzes
Musical quotes
Editor's Pick
Trending Quizzes
Colored Red Europe Blitz I
Colored Red Europe Blitz II
Colored Red Africa Blitz II
Colored Red Europe Blitz III
Colored Red Africa Blitz III
Recently Updated
How Do You Spell That?
pecheneg
Godzilla Movies
pecheneg
Grab Bag: 4-10 Letters
pecheneg
2024 March Madness Bracket
pecheneg
Famous TV Couples
Peacemaker
Champions League XIs: Real Madrid
pecheneg
Largest US Cities 1790-2010
pecheneg
Rides in Walt Disney World
pecheneg
Most Oscar Losses (Acting)
pecheneg
Beyoncé Albums
pecheneg
Trending Topics
Crossword
Anime
NBA
Marvel
Kpop
Disney
Harry Potter
Country
NFL
Soccer
WWE
The Office
Puzzle
Pokémon
Song
Your Account Isn't Verified!
In order to create a playlist on Sporcle, you need to verify the email address you used during registration. Go to your
Sporcle Settings
to finish the process.
Report this User
Report this user for behavior that violates our
Community Guidelines
.
Details:
Send Report
Go to the Sporcle.com Mobile Site →
Comments